Crisis en el sindicalismo minero /

Salvato in:
Dettagli Bibliografici
Autore principale: Jetté, Christian
Natura: testo
Tags: Aggiungi Tag
Nessun Tag, puoi essere il primo ad aggiungerne!!

MARC

LEADER 00000 a a2200000 04500
001 45549
003
040
100 |a Jetté, Christian  
245 |a Crisis en el sindicalismo minero /  |c Christian Jetté  
500 |a Antes se llamaba: ALAI SERVICIO MENSUAL DE INFORMACION Y DOCUMENTACION  
773 |g volumen10, número85 (Noviembre, 1986), Págs. 19-20  
999 |c 24548  |d 24548